All Moons of Pluto - Statistics

General Stats
  • This quiz has been taken 30 times
  • The average score is 4 of 5
Answer Stats
Answer % Correct
Charon
100%
Nix
90%
Hydra
80%
Kerberos
70%
Styx
70%
No matching quizzes found
Score Distribution
Percent of People with Each Score
Percentile by Number Answered
Your Score History
You have not taken this quiz